000
00296nam a2200121 a 4500
008
110512s1966|||| d
100
1
_a
Bronina,B.J.
245
1
0
_a
Sovetskije pisateli
260
_b
Chudožestvenaja literatúra
_a
Moskva
_c
1966
020
_c
10
041
_a
rus.
044
_a
xo
_c
SK
999
_c
19565
_d
19565